[Event "Mark Evgenievich Taimanov "]
[Site "SchemingMind.com"]
[Date "2009.06.01"]
[Round "-"]
[White "HanadaNo3"]
[Black "Chess_Man01"]
[Result "1/2-1/2"]
[WhiteCountry "USA"]
[BlackCountry "GBR"]
[WhiteElo "2476"]
[WhiteRD "92"]
[BlackElo "2074"]
[BlackRD "78"]
[GameID "206178"]

1. e4 d5 2. exd5 Nf6 3. d4 Bg4 4. f3 Bf5 5. g4 Bg6 6. c4 e6 7. g5 Nh5 8. Nc3 Bd6 9. dxe6 fxe6 10. Nge2 O-O
11. Bh3 Nc6 12. Bxe6+ Kh8 13. Bg4 Nf4 14. O-O Nd3 15. Kh1 Be7 16. f4 Nxd4 17. Ng3 Nb4= 18. Nce4 Ndc2 19. Rb1 Qxd1 20. Bxd1 Nd4
21. Be3 Nf5 22. Nxf5=
1/2-1/2

[Event "Mark Evgenievich Taimanov "]
[Site "SchemingMind.com"]
[Date "2009.05.27"]
[Round "-"]
[White "HanadaNo3"]
[Black "Girkassa"]
[Result "1-0"]
[WhiteCountry "USA"]
[BlackCountry "NOR"]
[WhiteElo "2476"]
[WhiteRD "92"]
[BlackElo "2265"]
[BlackRD "87"]
[GameID "206179"]

1. e4 e5 2. Nf3 Nc6 3. Bb5 a6 4. Ba4 Nf6 5. O-O Be7 6. Re1 b5 7. Bb3 d6 8. c3 O-O 9. h3 Nb8 10. d3 Nbd7
11. Nbd2 Bb7 12. Nf1 Nc5 13. Bc2 Re8 14. Ng3 Bf8 15. Be3 d5 16. Nxe5 Rxe5 17. d4 Re8 18. dxc5 Nxe4 19. Nxe4 dxe4 20. Qg4 Qc8
21. Qf4 Bd5 22. Bd4 Qb7 23. f3 Re7 24. fxe4 Be6 25. Re3 b4 26. Rg3 Kh8 27. Qf6 Bg4 28. Rxg4 gxf6 29. Bxf6+ Bg7 30. Bxg7+ Kg8
31. Bf6+ Kf8 32. e5
1-0

[Event "Mark Evgenievich Taimanov "]
[Site "SchemingMind.com"]
[Date "2009.06.01"]
[Round "-"]
[White "Chess_Man01"]
[Black "HanadaNo3"]
[Result "0-1"]
[WhiteCountry "GBR"]
[BlackCountry "USA"]
[WhiteElo "2309"]
[WhiteRD "72"]
[BlackElo "2392"]
[BlackRD "92"]
[GameID "206180"]

1. d4 Nf6 2. c4 c5 3. d5 b5 4. cxb5 a6 5. bxa6 g6 6. Nc3 Bxa6 7. Nf3 Bg7 8. g3 O-O 9. Bg2 d6 10. O-O Nbd7
11. Qc2 Qb6 12. Rb1 Rfb8 13. b3 Ne8 14. Nd2 Bd4 15. Rd1 Bxc3 16. Qxc3 Bxe2 17. Bb2 Nef6 18. Re1 Qa6 19. Ra1 Re8 20. Qe3 Bd3
21. Qf3 c4 22. Qf4 Rac8 23. Qd4 Qb6 24. Nxc4 Qxd4 25. Bxd4 Bxc4 26. bxc4 Rxc4 27. Rad1 Kf8 28. Re2 Rb8 29. Be3 Ng4 30. Bd2 Nc5
31. h3 Ne5= 32. Bh6+ Ke8 33. Bg7 f6 34. f4 Kf7 35. fxe5= Kxg7 36. exf6+ exf6 37. Re7+ Kh6 38. Rd2 f5 39. Rc7 Ra8 40. Rc6 Rd8
41. Re2 Rd7 42. Kf2 Ra4 43. Kg1= Kg5 44. Rc8 Nd3 45. Rc6 Ne5 46. Rb6 h5 47. Kh2 h4 48. gxh4+ Kxh4 49. Reb2 Ra3 50. Re2 f4
51. Rf2 g5 52. Rb8 Rh7 53. Rf8 Rh6 54. Rb8 f3
0-1

[Event "Mark Evgenievich Taimanov "]
[Site "SchemingMind.com"]
[Date "2009.05.27"]
[Round "-"]
[White "Girkassa"]
[Black "HanadaNo3"]
[Result "1/2-1/2"]
[WhiteCountry "NOR"]
[BlackCountry "USA"]
[WhiteElo "2249"]
[WhiteRD "87"]
[BlackElo "2438"]
[BlackRD "85"]
[GameID "206181"]

1. d4 Nf6 2. c4 c5 3. d5 b5 4. Nf3 e6 5. dxe6 fxe6 6. cxb5 d5 7. Nc3 Be7 8. e3 O-O 9. Bd3 a6 10. O-O axb5
11. Bxb5 Qb6 12. Qe2 Nc6 13. b3 Ba6 14. Bxa6 Qxa6 15. Rd1 Qxe2 16. Nxe2 Ne4 17. Bb2 c4 18. bxc4 dxc4 19. a4 Rfb8 20. Bd4 Rb4
21. Nc3 Nxc3 22. Bxc3 Rbxa4 23. Nd2 Bf6 24. Rxa4 Rxa4 25. Rc1 Bxc3 26. Rxc3 Ra2 27. Nf1 Na5 28. g4 Kf7 29. e4 Kf6 30. Ne3 Ke5=
1/2-1/2

[Event "Mark Evgenievich Taimanov "]
[Site "SchemingMind.com"]
[Date "2009.05.30"]
[Round "-"]
[White "MichaelDV"]
[Black "HanadaNo3"]
[Result "1-0"]
[WhiteCountry "SWE"]
[BlackCountry "USA"]
[WhiteElo "2387"]
[WhiteRD "71"]
[BlackElo "2384"]
[BlackRD "84"]
[GameID "206422"]

1. e4 Nf6 2. e5 Nd5 3. d4 d6 4. Nf3 g6 5. Bc4 Nb6 6. Bb3 Nc6 7. exd6 cxd6 8. d5 Na5 9. Qd4 Rg8 10. O-O Bg7
11. Qb4 Nxb3 12. axb3 Bf5 13. Na3 a5 14. Qb5+ Bd7 15. Qd3 Kf8 16. Re1 a4 17. Bg5 Bf6 18. Be3 Kg7 19. b4 Bg4 20. c3= Nd7
21. Bg5 Bxf3 22. Bxf6+ exf6 23. Qxf3 Ne5 24. Qe3 Re8 25. Qd4 Qd7= 26. h3 Qf5 27. Re3 g5 28. Rae1 h5 29. Nc4 Red8 30. Nxe5 dxe5
31. Rxe5 Qf4 32. R5e4 Qf5 33. Rd1 b5 34. Re7 Rd6 35. Rb7 Re8 36. Kf1 Rd7 37. Rxd7 Qxd7 38. h4 Qg4 39. Qxg4 hxg4= 40. hxg5 fxg5
41. d6 Rd8 42. Rd5 f6 43. Ke2 Kf7 44. d7 Ke6 45. Rxb5 Rxd7 46. Ra5
1-0

[Event "Mark Evgenievich Taimanov "]
[Site "SchemingMind.com"]
[Date "2009.06.02"]
[Round "-"]
[White "MichaelDV"]
[Black "Chess_Man01"]
[Result "1/2-1/2"]
[WhiteCountry "SWE"]
[BlackCountry "GBR"]
[WhiteElo "2286"]
[WhiteRD "58"]
[BlackElo "2327"]
[BlackRD "70"]
[GameID "206423"]

1. d4 Nf6 2. Nf3 d5 3. c4 e6 4. g3 dxc4 5. Bg2 Nc6 6. Qa4 Bb4+ 7. Bd2 Nd5 8. Bxb4 Nxb4 9. O-O Rb8 10. Na3 a6
11. Ne5 O-O 12. Nxc6 Nxc6 13. Bxc6 bxc6 14. Nxc4 Qxd4 15. Rfd1 Qe4 16. Rd2 Rb5 17. Rc1 e5 18. b3 h6 19. Nb2 Qxa4 20. Nxa4 Rd5=
21. Rxd5 cxd5 22. Rxc7 Bg4 23. f3 Rc8 24. Rc5 Be6 25. Kf2 f6 26. Ke3 Kf7 27. b4 d4+ 28. Kd3 Rxc5 29. Nxc5 Bxa2 30. Nxa6 Ke6
31. b5 Kd6 32. Nb4 Be6 33. b6 Bh3= 34. g4 Kd7 35. Nd5=
1/2-1/2

[Event "Mark Evgenievich Taimanov "]
[Site "SchemingMind.com"]
[Date "2009.05.29"]
[Round "-"]
[White "MichaelDV"]
[Black "Girkassa"]
[Result "1-0"]
[WhiteCountry "SWE"]
[BlackCountry "NOR"]
[WhiteElo "2307"]
[WhiteRD "63"]
[BlackElo "2221"]
[BlackRD "80"]
[GameID "206424"]

1. e4 e5 2. Nf3 Nc6 3. Bb5 a6 4. Ba4 Nf6 5. O-O Be7 6. Re1 b5 7. Bb3 d6 8. c3 O-O 9. d4 Bg4 10. Be3 exd4
11. cxd4 Na5 12. Bc2 c5 13. h3 Bh5 14. dxc5 dxc5 15. Nc3 Nc4 16. e5 Nxe5 17. g4 Nxf3+ 18. Qxf3 Bg6 19. Rad1 Qc8 20. Bxg6 fxg6
21. a4 Rb8 22. axb5 axb5 23. Bf4 Rb7 24. Nxb5 Kh8 25. Nd6 Bxd6 26. Bxd6 Rff7 27. Rc1 Ne8 28. Rxc5 Qd8 29. Bf4 h6 30. Qc3 Rbe7
31. Rxe7 Rxe7 32. Be5 Qd1+ 33. Kg2 Kh7 34. b4 Rd7 35. Qf3 Qb1 36. Rc8 Re7 37. Qf4 Qb3 38. Qd4 Qe6 39. Rc5 Rd7 40. Qc4 Qe7
41. b5 Nd6 42. Bxd6 Rxd6 43. Rc7 Rd7 44. b6 h5 45. Qc6 Rd6 46. Rxe7 Rxc6 47. b7 Rb6 48. g5 h4 49. Kf3 Rb4 50. Ke3 Rb2
51. Kd3 Rxf2 52. b8=Q Rd2+ 53. Kc4 Rc2+ 54. Kd5 Rc5+ 55. Ke6
1-0

[Event "Mark Evgenievich Taimanov "]
[Site "SchemingMind.com"]
[Date "2009.05.29"]
[Round "-"]
[White "HanadaNo3"]
[Black "MichaelDV"]
[Result "1-0"]
[WhiteCountry "USA"]
[BlackCountry "SWE"]
[WhiteElo "2438"]
[WhiteRD "85"]
[BlackElo "2412"]
[BlackRD "66"]
[GameID "206425"]

1. e4 c6 2. d4 d5 3. f3 e6 4. Be3 Qb6 5. Nc3 Qxb2 6. Bd2 Qb6 7. Nge2 Nf6 8. Rb1 Qd8 9. g3 Be7 10. Bg2 O-O
11. O-O c5 12. e5 Nfd7 13. f4 Nc6 14. Be3 Na5 15. Bf2 Nc4 16. Qd3 cxd4 17. Nxd4 Nc5 18. Qe2 g6 19. g4 Na3 20. Rbd1 Qa5
21. Qe1 Kh8 22. f5 Na4 23. Nxa4 Qxa4 24. fxg6 hxg6 25. Rd3 Nc4 26. Bh4 g5 27. Rf6 Qxa2 28. Bxg5 Kg8 29. Qh4 Nxe5 30. Rh3 Qa1+
31. Rf1 Qxd4+ 32. Kh1
1-0

[Event "Mark Evgenievich Taimanov "]
[Site "SchemingMind.com"]
[Date "2009.06.02"]
[Round "-"]
[White "Chess_Man01"]
[Black "MichaelDV"]
[Result "1/2-1/2"]
[WhiteCountry "GBR"]
[BlackCountry "SWE"]
[WhiteElo "2327"]
[WhiteRD "70"]
[BlackElo "2286"]
[BlackRD "58"]
[GameID "206426"]

1. d4 Nf6 2. c4 g6 3. Nc3 d5 4. cxd5 Nxd5 5. e4 Nxc3 6. bxc3 Bg7 7. Nf3 c5 8. Rb1 O-O 9. Be2 b6 10. O-O Bb7
11. Qd3 e6 12. Bg5 Qc7 13. Qe3 Nd7 14. e5 Bd5 15. Be7 Rfc8 16. Bd6 cxd4 17. cxd4 Qb7 18. a3 Nb8 19. Bd3 Nc6 20. Rfd1 Na5
21. Nd2 Nc4 22. Bxc4 Bxc4 23. Ne4 Bd5 24. Nf6+ Kh8 25. Nxd5 Qxd5 26. Qf4 Kg8 27. h4 h5 28. Rd3 Rc4 29. Rf3 Qb7 30. Rc1 Rxc1+
31. Qxc1 Rc8 32. Qe3 b5 33. Bc5=
1/2-1/2

[Event "Mark Evgenievich Taimanov "]
[Site "SchemingMind.com"]
[Date "2009.05.31"]
[Round "-"]
[White "pawnslinger"]
[Black "HanadaNo3"]
[Result "1/2-1/2"]
[WhiteCountry "USA"]
[BlackCountry "USA"]
[WhiteElo "2443"]
[WhiteRD "79"]
[BlackElo "2438"]
[BlackRD "85"]
[GameID "206674"]

1. e4 e5 2. Nf3 Nc6 3. Bb5 a6 4. Ba4 Nf6 5. O-O Be7 6. Re1 b5 7. Bb3 O-O 8. d4 d6 9. c3 Bg4 10. Be3 Qe8
11. h3 Bh5 12. Nbd2 Qd7 13. a3 h6 14. Bc2 Rfd8 15. Rc1 Bf8 16. Bd3 d5 17. dxe5 dxe4 18. Bb1 exf3 19. exf6 gxf6 20. Be4 f5
21. Bxf3 Bxf3 22. Nxf3 Qxd1 23. Rcxd1 Kg7 24. g3 Be7 25. Bf4 Rxd1 26. Rxd1 Rd8 27. Rxd8 Bxd8 28. Kg2 Kg6 29. Kf1 h5 30. Kg2 a5
31. Ne1 a4 32. Nd3 Na5 33. Bc1 h4 34. Nf4+ Kg7 35. Kf3 Nc4=
1/2-1/2

[Event "Mark Evgenievich Taimanov "]
[Site "SchemingMind.com"]
[Date "2009.05.31"]
[Round "-"]
[White "pawnslinger"]
[Black "MichaelDV"]
[Result "1/2-1/2"]
[WhiteCountry "USA"]
[BlackCountry "SWE"]
[WhiteElo "2452"]
[WhiteRD "79"]
[BlackElo "2411"]
[BlackRD "68"]
[GameID "206675"]

1. e4 d5 2. exd5 Qxd5 3. Nc3 Qd6 4. d4 Nf6 5. Nf3 a6 6. g3 Bg4 7. h3 Bh5 8. Be2 Nbd7 9. O-O O-O-O 10. Re1 e6
11. Ng5 Bg6 12. Bd3 Qe7 13. d5 Bxd3 14. cxd3 h6 15. Nf3 g5 16. d4 Bg7 17. Qb3 Rhe8 18. Bd2 Nb6 19. dxe6 fxe6 20. Re2 Nfd5
21. Ne4 Nd7 22. Rae1 Qf7 23. Bxg5 hxg5 24. Nexg5 Qh5 25. Nxe6 Rxe6 26. Rxe6 Nf8 27. R6e4 Qxh3 28. Re8 Qd7 29. Rxd8+ Qxd8 30. Qc2 Qd7
31. Ne5 Qe6 32. Nd3 Qf7 33. Nc5 c6 34. Qe2 Kc7 35. Qg4 Bf6 36. Qf5 Nd7 37. b4 Nxc5 38. dxc5 Qg8 39. Re4 Bc3 40. a4 Qc8=
41. Re6 Qd7 42. Qe4 b5 43. axb5 axb5 44. Rh6 Bg7 45. Rh5=
1/2-1/2

[Event "Mark Evgenievich Taimanov "]
[Site "SchemingMind.com"]
[Date "2009.06.03"]
[Round "-"]
[White "pawnslinger"]
[Black "Chess_Man01"]
[Result "1/2-1/2"]
[WhiteCountry "USA"]
[BlackCountry "GBR"]
[WhiteElo "2423"]
[WhiteRD "88"]
[BlackElo "2022"]
[BlackRD "76"]
[GameID "206676"]

1. e4 d5 2. exd5 Nf6 3. Nf3 Bg4 4. Bb5+ Nbd7 5. h3 Bh5 6. Nc3 a6 7. Be2 Nb6 8. O-O Nfxd5 9. Ne5 Bxe2 10. Qxe2 Nxc3
11. dxc3 e6 12. Qh5 Qf6 13. Be3 Bd6 14. Bd4 Qe7 15. Ng4 Nd5 16. Bxg7 Rg8 17. Qxd5 exd5 18. Nf6+ Kd8 19. Nxg8 Qe2=
1/2-1/2

[Event "Mark Evgenievich Taimanov "]
[Site "SchemingMind.com"]
[Date "2009.05.31"]
[Round "-"]
[White "pawnslinger"]
[Black "Girkassa"]
[Result "1/2-1/2"]
[WhiteCountry "USA"]
[BlackCountry "NOR"]
[WhiteElo "2414"]
[WhiteRD "86"]
[BlackElo "2265"]
[BlackRD "87"]
[GameID "206677"]

1. e4 e5 2. Nf3 Nc6 3. Bb5 a6 4. Ba4 Nf6 5. O-O Be7 6. Re1 b5 7. Bb3 d6 8. c3 O-O 9. d4 Bg4 10. Be3 exd4
11. cxd4 Na5 12. Nbd2 Nxb3 13. axb3 c5 14. Qc2 Nd7 15. dxc5 dxc5 16. h3 Bh5 17. Bf4 Re8 18. Re3 Qb6 19. Nf1 Nf8 20. Ng3 Bg6
21. Nf5 Ne6 22. Be5 Bxf5 23. exf5 Nd4 24. Nxd4 cxd4 25. Re4 Bf6 26. Bxf6 Qxf6 27. Rae1 Red8 28. Qd3 h6 29. g4 Rac8 30. Rd1 Rc5
31. Rxd4 Rxd4 32. Qxd4 Qxd4 33. Rxd4 Rc2 34. Rd6=
1/2-1/2

[Event "Mark Evgenievich Taimanov "]
[Site "SchemingMind.com"]
[Date "2009.05.31"]
[Round "-"]
[White "HanadaNo3"]
[Black "pawnslinger"]
[Result "0-1"]
[WhiteCountry "USA"]
[BlackCountry "USA"]
[WhiteElo "2428"]
[WhiteRD "85"]
[BlackElo "2452"]
[BlackRD "79"]
[GameID "206678"]

1. e4 c5 2. Nf3 d6 3. d4 cxd4 4. Nxd4 Nf6 5. Nc3 a6 6. Be3 e5 7. Nb3 Be6 8. f3 Be7 9. Qd2 O-O 10. O-O-O Nbd7
11. g4 b5 12. g5 Nh5 13. Nd5 Bxd5 14. exd5 b4 15. Kb1 a5 16. Bb5 a4 17. Nc1 Nc5 18. h4 Ng3 19. Rhg1 Nf5 20. Bf2 a3
21. b3 Qa5 22. Bc6 Rab8 23. Rg4 g6 24. Rc4 f6 25. gxf6 Bxf6 26. h5 gxh5 27. Bxc5 dxc5 28. Nd3 Nd6 29. Rxc5 Qa7 30. Qh2 Bg7
31. Qxh5 Rf5 32. Qg4 Qf7 33. Ne1 Kh8 34. Qh4 e4
0-1

[Event "Mark Evgenievich Taimanov "]
[Site "SchemingMind.com"]
[Date "2009.05.31"]
[Round "-"]
[White "MichaelDV"]
[Black "pawnslinger"]
[Result "1/2-1/2"]
[WhiteCountry "SWE"]
[BlackCountry "USA"]
[WhiteElo "2409"]
[WhiteRD "71"]
[BlackElo "2423"]
[BlackRD "88"]
[GameID "206679"]

1. d4 Nf6 2. Nf3 g6 3. c4 Bg7 4. Nc3 O-O 5. e4 d6 6. Be2 Nbd7 7. O-O e5 8. Be3 exd4 9. Nxd4 Nc5 10. f3 a5
11. Ndb5 b6 12. Qd2 Bd7 13. Rad1 Re8 14. b3 Qc8 15. Rfe1 Qb8 16. Bf1 Ne6 17. Nd5 Qb7 18. Ndxc7 Nxc7 19. Nxd6 Qb8 20. Nxe8 Bxe8
21. e5 Nd7 22. f4 Bf8 23. Qb2 Nc5 24. g3 Qc8 25. Bg2 Rb8 26. Qf2 Bd7 27. Rd2 N7a6 28. Red1=
1/2-1/2

[Event "Mark Evgenievich Taimanov "]
[Site "SchemingMind.com"]
[Date "2009.06.03"]
[Round "-"]
[White "Chess_Man01"]
[Black "pawnslinger"]
[Result "1/2-1/2"]
[WhiteCountry "GBR"]
[BlackCountry "USA"]
[WhiteElo "2250"]
[WhiteRD "71"]
[BlackElo "2452"]
[BlackRD "79"]
[GameID "206680"]

1. d4 Nf6 2. c4 g6 3. Nc3 Bg7 4. e4 d6 5. Nf3 O-O 6. Be2 e5 7. O-O Nc6 8. d5 Nd4 9. Nxd4 exd4 10. Qxd4 Nd7
11. Qd3 Nc5 12. Qg3 Qe8 13. f3 f5 14. Be3 fxe4 15. Bxc5 exf3 16. Rxf3 dxc5 17. Rxf8+ Qxf8 18. Qxc7 Bf5 19. Bf3 Rc8 20. Qg3 Re8
21. Rd1 Be5 22. Qh4 Kg7 23. Kh1 b6 24. h3 Bb8 25. Ne4 Bxe4 26. Bxe4 Qd6 27. g3= Qe5 28. Bg2 Bd6 29. b3 g5 30. Qg4 h5
31. Qf3 Rf8 32. Qd3 h4 33. Rf1 hxg3=
1/2-1/2

[Event "Mark Evgenievich Taimanov "]
[Site "SchemingMind.com"]
[Date "2009.05.31"]
[Round "-"]
[White "Girkassa"]
[Black "pawnslinger"]
[Result "1-0"]
[WhiteCountry "NOR"]
[BlackCountry "USA"]
[WhiteElo "2265"]
[WhiteRD "87"]
[BlackElo "2414"]
[BlackRD "86"]
[GameID "206681"]

1. d4 Nf6 2. c4 g6 3. Nc3 Bg7 4. e4 d6 5. Nf3 O-O 6. Be2 Nbd7 7. O-O e5 8. Be3 Re8 9. d5 Nc5 10. Nd2 a5
11. a3 a4 12. Bxc5 dxc5 13. Nxa4 Qd6 14. b4 Nd7 15. Nxc5 Nxc5 16. bxc5 Qxc5 17. Nb3 Qf8 18. c5 Bd7 19. Qc1 Qe7 20. Qc3 Ra4
21. c6 bxc6 22. dxc6 Be6 23. Nc5 Rd4 24. a4 Bf8 25. Rfc1 Qxc5 26. Qxc5 Bxc5 27. Rxc5
1-0

[Event "Mark Evgenievich Taimanov "]
[Site "SchemingMind.com"]
[Date "2009.06.06"]
[Round "-"]
[White "chesshub"]
[Black "HanadaNo3"]
[Result "1/2-1/2"]
[WhiteCountry "FRA"]
[BlackCountry "USA"]
[WhiteElo "2512"]
[WhiteRD "68"]
[BlackElo "2428"]
[BlackRD "85"]
[GameID "207282"]

1. e4 e5 2. Nf3 Nc6 3. Bc4 Nf6 4. Ng5 d5 5. exd5 Na5 6. Bb5+ c6 7. dxc6 bxc6 8. Be2 h6 9. Nf3 e4 10. Ne5 Bc5
11. c3 O-O 12. O-O Bd6 13. f4 exf3 14. Nxf3 Re8 15. d4 Qc7 16. b4 Nb7 17. Bd3 a5 18. b5 Bd7 19. Na3 Bxa3 20. Bxa3 cxb5
21. Qb3 Be6 22. Qc2 Bc4 23. Ne5 Bxd3 24. Qxd3 b4 25. cxb4 axb4=
1/2-1/2

[Event "Mark Evgenievich Taimanov "]
[Site "SchemingMind.com"]
[Date "2009.06.04"]
[Round "-"]
[White "chesshub"]
[Black "MichaelDV"]
[Result "1-0"]
[WhiteCountry "FRA"]
[BlackCountry "SWE"]
[WhiteElo "2470"]
[WhiteRD "67"]
[BlackElo "2286"]
[BlackRD "58"]
[GameID "207283"]

1. d4 Nf6 2. c4 e6 3. Nc3 Bb4 4. Qc2 O-O 5. a3 Bxc3+ 6. Qxc3 b6 7. Bg5 Ba6 8. e3 d6 9. Bd3 Nbd7 10. Ne2 c5
11. Qc2 h6 12. Bh4 Rc8 13. Qa4 Bb7 14. O-O Bc6 15. Qd1 cxd4 16. exd4 d5 17. cxd5 Bxd5 18. Ba6 Rc6 19. Bb7 Rc4 20. Bxd5 exd5
21. Nc3 Re8 22. Nb5 Re4 23. b3 Rxh4 24. bxc4 a6 25. g3 Rh5 26. Nc3 dxc4 27. a4 b5 28. axb5 axb5 29. Qe2 Qb6 30. Rfb1 Qxd4
31. Nxb5 Qd3 32. Qxd3 cxd3 33. Nd6 Rd5 34. Nc4 Kh7 35. Ra5 Rd4 36. Nd2 Rd6 37. Rd1
1-0

[Event "Mark Evgenievich Taimanov "]
[Site "SchemingMind.com"]
[Date "2009.06.04"]
[Round "-"]
[White "chesshub"]
[Black "Chess_Man01"]
[Result "1/2-1/2"]
[WhiteCountry "FRA"]
[BlackCountry "GBR"]
[WhiteElo "2512"]
[WhiteRD "68"]
[BlackElo "2250"]
[BlackRD "71"]
[GameID "207284"]

1. d4 Nf6 2. c4 e6 3. Nc3 Bb4 4. Qc2 O-O 5. a3 Bxc3+ 6. Qxc3 b6 7. Bg5 Bb7 8. e3 d6 9. Ne2 Nbd7 10. Qd3 c5
11. Nc3 Qe7 12. Rd1 Rfd8 13. d5 Ne5 14. Qc2 h6 15. Bh4 Ng6 16. Bg3 Nh5 17. Be2 Nxg3 18. hxg3 Ne5 19. Qd2 a6 20. O-O Rab8
21. f4 Nd7 22. dxe6 Qxe6 23. Qxd6 Qxe3+ 24. Kh2 Nf6=
1/2-1/2

[Event "Mark Evgenievich Taimanov "]
[Site "SchemingMind.com"]
[Date "2009.06.05"]
[Round "-"]
[White "chesshub"]
[Black "pawnslinger"]
[Result "1/2-1/2"]
[WhiteCountry "FRA"]
[BlackCountry "USA"]
[WhiteElo "2470"]
[WhiteRD "67"]
[BlackElo "2467"]
[BlackRD "83"]
[GameID "207286"]

1. d4 Nf6 2. c4 g6 3. Nc3 Bg7 4. e4 d6 5. Nf3 O-O 6. Be2 Nbd7 7. O-O e5 8. Be3 exd4 9. Nxd4 Re8 10. f3 a5
11. Rc1 Nc5 12. Qd2 b6 13. Rcd1 Bb7 14. Ndb5 Nfd7 15. Nd5 Rc8 16. Bg5 f6 17. Bh4 Ne5 18. Qc3 Ned7 19. Qc2 Nf8 20. b3 Re6
21. Ndc3 c6 22. Nd4 Re8 23. a3 Nfe6 24. Nxe6 Nxe6 25. e5 d5 26. Ne4 g5 27. Nd6 gxh4 28. Nxb7 Qe7 29. Nd6 Nd4 30. Rxd4 Qxe5
31. cxd5 Qxd6 32. Rc4 Qxd5 33. Rxh4 Qc5+ 34. Qxc5 bxc5 35. Bd3 Rb8 36. Rc1 Kf8 37. Bc4 a4 38. bxa4 f5 39. Rh5 Bd4+ 40. Kh1 Re3
41. Rxf5+ Kg7 42. Rf7+ Kh8 43. h3 Rxa3 44. Ra7 h5 45. a5 h4 46. Re1 Ra4 47. Bd3 Kg8 48. Bc2 Ra3=
1/2-1/2

[Event "Mark Evgenievich Taimanov "]
[Site "SchemingMind.com"]
[Date "2009.06.06"]
[Round "-"]
[White "HanadaNo3"]
[Black "chesshub"]
[Result "1/2-1/2"]
[WhiteCountry "USA"]
[BlackCountry "FRA"]
[WhiteElo "2428"]
[WhiteRD "85"]
[BlackElo "2512"]
[BlackRD "68"]
[GameID "207287"]

1. e4 e5 2. Nf3 Nc6 3. Bb5 a6 4. Ba4 Nf6 5. O-O Be7 6. Re1 b5 7. Bb3 O-O 8. a4 b4 9. d4 d6 10. c3 bxc3
11. bxc3 Bg4 12. Be3 exd4 13. cxd4 d5 14. e5 Ne4 15. h3 Bh5 16. Nbd2 Bb4 17. Qc2 Bxf3 18. Nxf3 Bc3 19. Bg5 Qd7 20. Rxe4 dxe4
21. e6 fxe6 22. Qxe4 Nxd4 23. Rd1 Nxf3+ 24. gxf3 Qe8 25. Rc1 Bf6 26. Be3 Rb8 27. Bxe6+ Kh8 28. Rxc7=
1/2-1/2

[Event "Mark Evgenievich Taimanov "]
[Site "SchemingMind.com"]
[Date "2009.06.05"]
[Round "-"]
[White "MichaelDV"]
[Black "chesshub"]
[Result "1/2-1/2"]
[WhiteCountry "SWE"]
[BlackCountry "FRA"]
[WhiteElo "2412"]
[WhiteRD "66"]
[BlackElo "2506"]
[BlackRD "68"]
[GameID "207288"]

1. d4 Nf6 2. Nf3 g6 3. c4 Bg7 4. Nc3 O-O 5. e4 d6 6. Be2 e5 7. O-O Nc6 8. d5 Ne7 9. b4 Nh5 10. c5 f5
11. Qb3 h6 12. a4 Kh8 13. Bc4 Nf6 14. Nd2 fxe4 15. Ncxe4 Nf5 16. Qd3 Nh5 17. Nf3 a5 18. bxa5 Nf4 19. Bxf4 exf4 20. a6 Bxa1
21. axb7 Bxb7 22. Rxa1 Qe7 23. a5 Qg7 24. Ra2 Rfb8 25. a6 Bc8 26. g4 fxg3 27. hxg3 g5 28. Nfd2 Ra7 29. Nb3 Rba8 30. Qf3 g4
31. Qd3 h5 32. Kf1=
1/2-1/2

[Event "Mark Evgenievich Taimanov "]
[Site "SchemingMind.com"]
[Date "2009.06.05"]
[Round "-"]
[White "Chess_Man01"]
[Black "chesshub"]
[Result "1/2-1/2"]
[WhiteCountry "GBR"]
[BlackCountry "FRA"]
[WhiteElo "2250"]
[WhiteRD "71"]
[BlackElo "2512"]
[BlackRD "68"]
[GameID "207289"]

1. d4 Nf6 2. c4 e6 3. Nc3 Bb4 4. f3 O-O 5. a3 Bxc3+ 6. bxc3 Ne8 7. e4 b6 8. Bd3 Ba6 9. Nh3 Nc6 10. e5 Na5
11. Qe2 Qh4+ 12. Nf2 c5 13. Be3 cxd4 14. cxd4 Rc8 15. Rc1 Nb3 16. Rd1 Na5 17. c5 Bxd3 18. Rxd3 Nc4 19. f4 f5 20. cxb6 axb6
21. Bd2=
1/2-1/2

[Event "Mark Evgenievich Taimanov "]
[Site "SchemingMind.com"]
[Date "2009.06.05"]
[Round "-"]
[White "pawnslinger"]
[Black "chesshub"]
[Result "1/2-1/2"]
[WhiteCountry "USA"]
[BlackCountry "FRA"]
[WhiteElo "2466"]
[WhiteRD "79"]
[BlackElo "2495"]
[BlackRD "70"]
[GameID "207291"]

1. e4 c5 2. Nf3 d6 3. d4 cxd4 4. Nxd4 Nf6 5. Nc3 a6 6. Be3 e5 7. Nb3 Be6 8. Be2 Be7 9. O-O Nbd7 10. f4 Qc7
11. f5 Bc4 12. Rf3 b5 13. Bxc4 Qxc4 14. Nd2 Qc6 15. Rg3 g6 16. Qf3 gxf5 17. Qxf5 b4 18. Nd5 Nxd5 19. exd5 Qxd5 20. a3 bxa3
21. Rxa3 Qe6 22. Qf3 d5 23. Ra5 e4 24. Qh5 Bd6 25. Rg5 Nf6 26. Qh4 h6 27. Nb3 Bf8 28. Rg3 Be7 29. c3 Rb8 30. Nd4 Qc8
31. Bc1 Rb6 32. Qf4 Qd8 33. Nf5 Bd6 34. Nxd6+ Qxd6 35. Qf2 Rg8 36. Bf4 Qe6 37. Rxg8+ Nxg8 38. Rxd5 Rxb2 39. Qxb2 Qxd5 40. Qb8+ Qd8
41. Qe5+=
1/2-1/2

[Event "Mark Evgenievich Taimanov "]
[Site "SchemingMind.com"]
[Date "2009.06.09"]
[Round "-"]
[White "Dr_Pat"]
[Black "HanadaNo3"]
[Result "0-1"]
[WhiteCountry "USA"]
[BlackCountry "USA"]
[WhiteElo "2099"]
[WhiteRD "56"]
[BlackElo "2496"]
[BlackRD "92"]
[GameID "207826"]

1. d4 Nf6 2. c4 c5 3. d5 b5 4. cxb5 a6 5. bxa6 g6 6. Nc3 Bxa6 7. e4 Bxf1 8. Kxf1 d6 9. g3 Bg7 10. Kg2 Nbd7
11. Nf3 O-O 12. h3 Qb6 13. Qe2 Rfb8 14. Rb1 Qa5 15. Bg5 h6 16. Bd2 Ne8 17. Qd3 Nc7 18. Rhc1 Qa6 19. Qxa6 Rxa6 20. a3 Rb3
21. Bf4 Rab6 22. Na4 Rb8 23. Nd2 Rd3 24. b4 g5 25. Be3 Rxa3 26. Nxc5 dxc5
0-1

[Event "Mark Evgenievich Taimanov "]
[Site "SchemingMind.com"]
[Date "2009.06.08"]
[Round "-"]
[White "Dr_Pat"]
[Black "chesshub"]
[Result "0-1"]
[WhiteCountry "USA"]
[BlackCountry "FRA"]
[WhiteElo "2099"]
[WhiteRD "56"]
[BlackElo "2463"]
[BlackRD "75"]
[GameID "207827"]

1. d4 Nf6 2. c4 e6 3. Nc3 Bb4 4. Qc2 O-O 5. Nf3 c5 6. dxc5 Na6 7. Bd2 Nxc5 8. a3 Bxc3 9. Bxc3 Nce4 10. Bxf6 Nxf6
11. e4 d6 12. Rd1 Qb6
0-1

[Event "Mark Evgenievich Taimanov "]
[Site "SchemingMind.com"]
[Date "2009.06.08"]
[Round "-"]
[White "Dr_Pat"]
[Black "MichaelDV"]
[Result "0-1"]
[WhiteCountry "USA"]
[BlackCountry "SWE"]
[WhiteElo "2099"]
[WhiteRD "56"]
[BlackElo "2433"]
[BlackRD "80"]
[GameID "207828"]

1. d4 Nf6 2. c4 g6 3. Nc3 d5 4. Bg5 Ne4 5. cxd5 Nxg5 6. h4 Ne4 7. Nxe4 Qxd5 8. Nc3 Qa5 9. e3 Bg7 10. Rc1 O-O
11. Qa4 Qxa4 12. Nxa4 c6 13. Nf3 Nd7 14. Nc5 Nxc5 15. Rxc5 Be6 16. b3 a5 17. Bc4 Bf5
0-1

[Event "Mark Evgenievich Taimanov "]
[Site "SchemingMind.com"]
[Date "2009.06.09"]
[Round "-"]
[White "Dr_Pat"]
[Black "Chess_Man01"]
[Result "0-1"]
[WhiteCountry "USA"]
[BlackCountry "GBR"]
[WhiteElo "2099"]
[WhiteRD "56"]
[BlackElo "1998"]
[BlackRD "71"]
[GameID "207829"]

1. d4 Nf6 2. c4 e6 3. Nc3 d5 4. Bg5 Be7 5. e3 O-O 6. Nf3 Nbd7 7. cxd5 exd5 8. Bd3 Re8 9. O-O c6 10. Qc2 Nf8
11. Rae1 Ne4 12. Bxe7 Qxe7 13. b4 a6 14. a3 Bf5 15. Na4 Bg6 16. Ne5 Nd6 17. Bxg6 Nxg6 18. Nxg6 hxg6
0-1

[Event "Mark Evgenievich Taimanov "]
[Site "SchemingMind.com"]
[Date "2009.06.09"]
[Round "-"]
[White "Dr_Pat"]
[Black "Girkassa"]
[Result "0-1"]
[WhiteCountry "USA"]
[BlackCountry "NOR"]
[WhiteElo "2099"]
[WhiteRD "56"]
[BlackElo "2267"]
[BlackRD "96"]
[GameID "207830"]

1. d4 Nf6 2. c4 e6 3. Nc3 Bb4 4. Qc2 O-O 5. Nf3 c5 6. dxc5 Na6 7. g3 Nxc5 8. Bg2 Nce4 9. Bd2 Nxd2 10. Nxd2 Rb8
0-1